000
00209nam a2200097Ia 4500
008
190216s9999||||xx |||||||||||||| ||und||
100
_a
Manmatha Nath Gupth
245
0
_a
Themmadi
260
_b
Null
942
_c
BK
999
_c
23918
_d
23918